Нестабильность государственной экономики, как фактор снижения уровня благосостояния семей; Актуальные вопросы права, экономики и управления; Ч. 2
| Parent link: | Актуальные вопросы права, экономики и управления: сборник статей VIII Международной научно-практической конференции, Пенза, 05 июня 2017 г..— , 2017 Ч. 2.— 2017.— [С. 260-262] |
|---|---|
| Autor principal: | |
| Autor Corporativo: | |
| Sumario: | Заглавие с экрана Экономичекая нестабильность на национальном уровне является долгосрочной проблемой в ряде стран мира с переходной экономикой, в частности в Российской Федерации, что в совокупности с фиксируемыми невысокими показателями уровня жизни населения, обуславливают актуальность выбранной темы. В данной статье рассмотрена сущность экономической нестабильности, с точки зрения оказываемого ею влиния на благосостояние населения, через призму наиболее распространенного социального института - семьи. Economic instability at the national level is a long-term problem in countries with economies in transition, particularly in the Russian Federation, which, together with the fixed low levels of living standards, make the topic relevant. In the article are considered the entite of economic instability, from the point of view of its possible impact on the wealth of the population, through the prism of the most common social institution - the family. Режим доступа: по договору с организацией-держателем ресурса |
| Lenguaje: | ruso |
| Publicado: |
2017
|
| Colección: | Актуальные вопросы экономики |
| Materias: | |
| Acceso en línea: | https://elibrary.ru/item.asp?id=29284212 |
| Formato: | Electrónico Capítulo de libro |
| KOHA link: | https://koha.lib.tpu.ru/cgi-bin/koha/opac-detail.pl?biblionumber=657195 |
MARC
| LEADER | 00000naa0a2200000 4500 | ||
|---|---|---|---|
| 001 | 657195 | ||
| 005 | 20250623134433.0 | ||
| 035 | |a (RuTPU)RU\TPU\network\23697 | ||
| 035 | |a RU\TPU\network\20564 | ||
| 090 | |a 657195 | ||
| 100 | |a 20180117d2017 k y0rusy50 ca | ||
| 101 | 0 | |a rus | |
| 102 | |a RU | ||
| 135 | |a drcn ---uucaa | ||
| 181 | 0 | |a i | |
| 182 | 0 | |a b | |
| 200 | 1 | |a Нестабильность государственной экономики, как фактор снижения уровня благосостояния семей |d The instability of the national economy as a factor in reducing the level of family wealth |f Т. Г. Маклакова | |
| 203 | |a Текст |c электронный | ||
| 225 | 1 | |a Актуальные вопросы экономики | |
| 300 | |a Заглавие с экрана | ||
| 320 | |a [Библиогр.: с. 262 (4 назв.)] | ||
| 330 | |a Экономичекая нестабильность на национальном уровне является долгосрочной проблемой в ряде стран мира с переходной экономикой, в частности в Российской Федерации, что в совокупности с фиксируемыми невысокими показателями уровня жизни населения, обуславливают актуальность выбранной темы. В данной статье рассмотрена сущность экономической нестабильности, с точки зрения оказываемого ею влиния на благосостояние населения, через призму наиболее распространенного социального института - семьи. | ||
| 330 | |a Economic instability at the national level is a long-term problem in countries with economies in transition, particularly in the Russian Federation, which, together with the fixed low levels of living standards, make the topic relevant. In the article are considered the entite of economic instability, from the point of view of its possible impact on the wealth of the population, through the prism of the most common social institution - the family. | ||
| 333 | |a Режим доступа: по договору с организацией-держателем ресурса | ||
| 461 | |t Актуальные вопросы права, экономики и управления |o сборник статей VIII Международной научно-практической конференции, Пенза, 05 июня 2017 г. |o в 3 ч. |d 2017 | ||
| 463 | |t Ч. 2 |v [С. 260-262] |d 2017 | ||
| 510 | 1 | |a The instability of the national economy as a factor in reducing the level of family wealth |z eng | |
| 610 | 1 | |a электронный ресурс | |
| 610 | 1 | |a труды учёных ТПУ | |
| 610 | 1 | |a экономическая нестабильность | |
| 610 | 1 | |a благосостояние | |
| 610 | 1 | |a семья | |
| 610 | 1 | |a домохозяйство | |
| 610 | 1 | |a качество жизни | |
| 610 | 1 | |a wealth | |
| 610 | 1 | |a family | |
| 610 | 1 | |a household | |
| 700 | 1 | |a Маклакова |b Т. Г. |c заместитель директора по воспитательной работе детского оздоровительного лагеря "Юность" Томского политехнического университета |f 1991- |g Таисия Глебовна |3 (RuTPU)RU\TPU\pers\35070 | |
| 712 | 0 | 2 | |a Национальный исследовательский Томский политехнический университет (ТПУ) |b Институт социально-гуманитарных технологий (ИСГТ) |b Кафедра экономики (ЭКОН) |b Международная научно-образовательная лаборатория технологий улучшения благополучия пожилых людей (МНОЛ ТУБПЛ) |3 (RuTPU)RU\TPU\col\21257 |
| 801 | 2 | |a RU |b 63413507 |c 20180117 |g RCR | |
| 850 | |a 63413507 | ||
| 856 | 4 | |u https://elibrary.ru/item.asp?id=29284212 | |
| 942 | |c CF | ||